| 000 | 00376nam a22001457a 4500 | ||
|---|---|---|---|
| 022 | _a0 900 36278 2 | ||
| 082 | _a382.1094 EUR | ||
| 100 | _aEurope and the World | ||
| 245 | _aEurope and the World | ||
| 260 |
_aEngland _bEuropa publication |
||
| 300 |
_axviii, 210p _b ill, 25cm. |
||
| 500 | _ainclude, index, bibliography. | ||
| 650 | _aEurope and the World | ||
| 942 | _cBK | ||
| 999 |
_c17328 _d17328 |
||